|
|
|
|
| LEADER |
00000nab a2200000 a 4500 |
| 001 |
vtls000141624 |
| 003 |
SK-MaSNL |
| 005 |
20260304201136.0 |
| 008 |
111104c1983 xo 0 slo |
| 015 |
|
|
|a SNBRB19rr/mm-uuuuu
|
| 035 |
|
|
|a CL0151730
|
| 040 |
|
|
|a SNKBUCL
|b slo
|c SNKBUCL
|e AACR2
|
| 041 |
0 |
|
|a slo
|
| 044 |
|
|
|a xo
|c SK
|
| 080 |
|
|
|a 784.66
|2 1981
|
| 100 |
1 |
|
|a (PŠM)
|4 aut
|9 1532709
|
| 245 |
1 |
0 |
|a Pointy z gitary
|b Čo pritiahlo mládež do Estrádnej haly Parku kultúry a oddychu
|c (PŠM)
|
| 650 |
0 |
7 |
|a prehliadky hudobné
|2 snkbucl
|9 924135
|
| 650 |
0 |
7 |
|a Gitariáda 1983, Bratislava
|2 snkbucl
|9 1532708
|
| 650 |
0 |
7 |
|a populárna hudba
|2 snkbucl
|9 3428
|
| 655 |
|
7 |
|a články z novín a časopisov
|2 snkbucl
|9 267496
|
| 773 |
0 |
|
|t Večerník
|g Roč. 28, č. 39 (24. 2. 1983), s. 5
|
| 850 |
|
|
|a Slovenská národná knižnica v Martine
|a MTA001
|
| 852 |
|
|
|a SNK
|b KIS3GCP
|
| 958 |
|
|
|a RK
|
| 992 |
|
|
|a RBX
|
| 999 |
|
|
|c 3093430
|d 3095360
|